000 01482nam0a22003611 4500
001 rc\797627
005 20250621234614.0
010 _bВ пер.
_d1 р. 40 к.
_975000
021 _aRU
_b83-67459
035 _a(NLR Aleph) 005981964
090 _a7037995
_c7037995
100 _a20041129d1983 |||y0rusy50 ca
101 0 _arus
102 _aRU
105 _aa z||||||a|
200 1 _aХлеб-соль
_fВладимир Красильщиков
_g[послесл. А. Байгушева
_gхудож. В. Александров]
210 _aМосква
_cМосковский рабочий
_d1983
215 _a301 с.
_cил.
_d21
225 1 _aСовременный городской роман
606 1 _aХлеб
_xв художественной литературе
_91895738
_3RU\NLR\AUTH\661152738
606 1 _aПекари
_jв художественной литературе
_yСССР
_91861456
_3RU\NLR\AUTH\66844386
606 1 _aХлебопекарная промышленность
_jОчерки
_yСССР
_91281350
_3RU\NLR\AUTH\66210729
686 0 _aШ6(2=Р)75-461
_2rubbk
686 0 _aУ30(2)675.16(2-2М)
_2rubbk
700 1 _aКрасильщиков
_bВ.И.
_f1924-
_gВладимир Ильич
702 1 _aБайгушев
_bА.
_4080
702 1 _aАлександров
_bВ.
_4440
801 0 _aRU
_bNLR
_gpsbo
801 1 _aRU
_bELAR
_2rusmarc
801 2 _aRU
_bNLR
_c20151013
_2rusmarc
852 _aNLR
_j84-3/655
942 _cBOOK
980 _aNB